|
|
|
|
| LEADER |
01590nam a2200313 a 4500 |
| 001 |
13351982 |
| 008 |
090507s2004 nyua b 001 0 eng d |
| 010 |
|
|
|a 2003066178
|
| 020 |
|
|
|a 0195142519
|
| 040 |
|
|
|a DLC
|c DLC
|d DLC
|
| 082 |
0 |
0 |
|a 621.381
|2 22
|
| 100 |
1 |
|
|a Sedra, Adel S.
|
| 245 |
1 |
0 |
|a Microelectronic circuits /
|c Adel S. Sedra, Kenneth C. Smith.
|
| 250 |
|
|
|a 5th ed.
|
| 260 |
|
|
|a New York :
|b Oxford University Press,
|c 2004.
|
| 300 |
|
|
|a 1 v. (various pagings) :
|b ill. (some col.) ;
|c 26 cm. +
|e 1 CD-ROM (4 3/4 in.)
|
| 490 |
|
4 |
|a The Oxford series in electrical and computer engineering
|
| 504 |
|
|
|a Includes bibliographical references (p. F-1 - F-2) and index.
|
| 541 |
1 |
|
|e 00015029
|
| 650 |
|
0 |
|a Electronic circuits.
|
| 650 |
|
0 |
|a Integrated circuits.
|
| 700 |
1 |
|
|a Smith, Kenneth Carless.
|
| 852 |
4 |
|
|a Ayesha Abed Library
|j Generalshelf
|
| 942 |
0 |
0 |
|0 2
|
| 999 |
|
|
|c 479
|d 479
|
| 952 |
|
|
|0 0
|1 0
|2 ddc
|4 0
|6 621_381000000000000_SED
|7 0
|9 434
|a BRACUL
|b BRACUL
|c GEN
|d 2009-05-07
|g 650.00
|l 56
|m 256
|o 621.381 SED
|p 3010015029
|r 2023-12-10
|s 2023-09-27
|t 1
|v 1300.00
|w 2009-05-07
|y BK
|x Koha Inventory 2020
|
| 952 |
|
|
|0 0
|1 0
|2 ddc
|4 0
|6 621_381000000000000_SED_2004
|7 0
|9 8680
|a BRACUL
|b BRACUL
|c GEN
|d 2010-03-18
|l 52
|m 285
|o 621.381 SED
|p 3010015028
|r 2025-05-25
|s 2025-02-11
|t 2
|w 2010-03-18
|y BK
|
| 952 |
|
|
|0 0
|1 0
|2 ddc
|4 0
|6 621_381000000000000_SED_2004
|7 0
|9 62223
|a BRACUL
|b BRACUL
|c AV
|d 2010-03-18
|l 0
|o 621.381 SED
|p 4010015028
|r 2017-12-07
|t 1
|w 2010-03-18
|y AV
|
| 952 |
|
|
|0 0
|1 0
|2 ddc
|4 0
|6 621_381000000000000_SED_2004
|7 0
|9 62224
|a BRACUL
|b BRACUL
|c AV
|d 2010-03-18
|l 0
|o 621.381 SED
|p 4010015029
|r 2017-12-07
|t 2
|w 2010-03-18
|y AV
|